=LDR 00000nam 2200000 4500 =001 INLIS000000000021198 =005 20200715071238 =035 ##$$a 0010-061300000021198 =008 200715###########################0###### =041 ##$$a Ind =082 ##$$a 2x5.1 =090 ##$$a 2x5.1, Sab d =100 ##$$a Sabaruddin =245 1#$$a Delapan macam keuntungan bagi orang yang bertaqwa, Drs. H. Sabaruddin, MM =260 ##$$a 2001 :$b Jakarta =300 ##$$a ix,59 hlm, ilus, 15 cm =650 #4$$a Akhlak =850 ##$$a NBPNMAT